Entry Nombre personal
001 - NÚMERO DE CONTROL
- campo de control: 239478
003 - IDENTIFICADOR DE NÚMERO DE CONTROL
- campo de control: SpMaBN
005 - FECHA Y HORA DE LA ÚLTIMA TRANSACCIÓN
- campo de control: 20250120114355.0
008 - ELEMENTOS DE DATO DE LONGITUD-FIJA
- campo de control de longitud fija: 901120n| aijnnaabn a aaa
016 ## - NÚMERO DE CONTROL DE UNA AGENCIA BIBLIOGRÁFICA NACIONAL
- Número de control del registro: BNE19900154213
024 7# - IDENTIFICADOR DE OTROS ESTÁNDARES
- Número estándar o código: http://viaf.org/viaf/4503681/
- Fuente: viaf
024 7# - IDENTIFICADOR DE OTROS ESTÁNDARES
- Número estándar o código: https://isni.org/isni/0000000077777425
- Fuente: isni
024 7# - IDENTIFICADOR DE OTROS ESTÁNDARES
- Número estándar o código: http://www.wikidata.org/entity/Q5997967
- Fuente: wikidata
040 ## - FUENTE DE CATALOGACIÓN
- Centro catalogador/agencia de origen: SpMaBN
- Lengua de catalogación: spa
- Centro/agencia transcriptor: SpMaBN
- Normas de descripción: rdc
- Convención/Normas de encabezamiento de materia/tesauro: embne
046 ## - FECHAS CON CODIFICACIÓN ESPECIAL
- Fecha de nacimiento: 1891
- Fecha de la muerte: 1957
100 1# - ENCABEZAMIENTO-NOMBRE DE PERSONA
- Nombre de persona: Tomás, Mariano,
- Fechas asociadas al nombre: 1891-1957
370 ## - LUGAR ASOCIADO
- Lugar de nacimiento: Hellín, Albacete, España
- Fuente de información: (Wikidata)
- Número de control del registro de autoridad o número normalizado: XX451949
372 ## - CAMPO DE ACTIVIDAD
- Campo de actividad: Poesía
- Fuente de información: Wikidata
374 ## - OCUPACIÓN
- Ocupación: Escritores
- Fuente de información: Wikidata
375 ## - GÉNERO/SEXO
- Género: Masculino
377 ## - IDIOMA ASOCIADO
- Término de lengua/lenguaje: Español
400 0# - TRAZADO DE VÉASE--NOMBRE DE PERSONA
- Nombre de persona: Mariano Tomás,
- Fechas asociadas al nombre: 1891-1957
400 1# - TRAZADO DE VÉASE--NOMBRE DE PERSONA
- Nombre de persona: Tomás López, Mariano,
- Fechas asociadas al nombre: 1891-1957
400 1# - TRAZADO DE VÉASE--NOMBRE DE PERSONA
- Nombre de persona: López, Mariano Tomás,
- Fechas asociadas al nombre: 1891-1957
670 ## - FUENTE DE DATOS ENCONTRADOS
- Cita de la fuente: The life and misadventures of Miguel de Cervantes, 1934;
- Información encontrada: port. (by Mariano Tomás)
670 ## - FUENTE DE DATOS ENCONTRADOS
- Cita de la fuente: Dic. de literatura española e hispanoamericana, 1993;
- Información encontrada: (Tomás, Mariano; Hellín, Albacete, 1891-Madrid, 1957; ejerció el periodismo; autor de novelas, poemas y dramas en verso)
670 ## - FUENTE DE DATOS ENCONTRADOS
- Cita de la fuente: WWW Wikipedia, 30-10-2015;
- Información encontrada: (Mariano Tomás López; n. 1890, Hellín, Albacete - m. 1957, Madrid; poeta, novelista, dramaturgo y periodista);
- Identificador Uniforme de Recursos: https://es.wikipedia.org/wiki/Mariano_Tom%C3%A1s
670 ## - FUENTE DE DATOS ENCONTRADOS
- Cita de la fuente: WWW Bn España aut., 20-1-2025;
- Información encontrada: (Tomás, Mariano, 1891-1957)
954 ## - CATALOGADOR -ALTA REGISTRO
- Nombre del catalogador: Inmaculada Vicente Garcia
